IFM Opac

Managing Nonprofit Organizations (Record no. 17744)

MARC details
000 -LEADER
fixed length control field 00406nam a22001457a 4500
020 ## - INTERNATIONAL STANDARD BOOK NUMBER
International Standard Book Number 0814454372
082 ## - DEWEY DECIMAL CLASSIFICATION NUMBER
Classification number 658.048 MAN
100 ## - MAIN ENTRY--PERSONAL NAME
Personal name Borst, B.
245 ## - TITLE STATEMENT
Title Managing Nonprofit Organizations
260 ## - PUBLICATION, DISTRIBUTION, ETC.
Place of publication, distribution, etc. New York
Name of publisher, distributor, etc. A Division of American Management Associations
Date of publication, distribution, etc. 1977
300 ## - PHYSICAL DESCRIPTION
Extent viii; 328p.
Other physical details ill; 24cm.
500 ## - GENERAL NOTE
General note include; Bibliography, Index.
700 ## - ADDED ENTRY--PERSONAL NAME
Personal name Montana, J. Pactrick
942 ## - ADDED ENTRY ELEMENTS (KOHA)
Koha item type Books

No items available.